Mléko - přítel nebo nepřítel jak postupovat při nesnášenlivosti mléka

Bibliographic Details
Main Authors: Kohout, Pavel, 1962- (Author, Editor, Author of introduction, etc.), Dostálová, Jana, 1943- (Author), Szitányi, Peter (Author), Szitányi, Natália (Author), Růžičková, Lucie (Author)
Format: Book
Language:Czech
PhysicalDescription:53 s. tab. 21 cm
Published: Praha Forsapi [2016?]
ISBN:9788087250310
Edition:1. vyd.
Series:Stručné informace pro pacienty
Subjects:

MARC

LEADER 00000cam a2200000 a 4500
001 vtls011605771
003 SK-MaSNL
005 20260319113100.0
008 200205s2016 xr a e f 001 0 cze
015 |a SNBZSA2017/04 
020 |a 9788087250310  |q (brožované) 
035 |a urn:nbn:sk:snk-am00d67v 
035 |a urn:nbn:sk:snk-am3hr1r 
035 |a 0BDEAF69-1A8F-4E51-ABF2-EA362A1E7332 
040 |a SNK  |b slo  |c SNK  |e AACR2 
041 0 |a cze 
044 |a xr  |c CZ 
072 7 |a 613  |x Hygiena. Ľudské zdravie  |2 konspekt 
080 |a 613.28  |2 2011 
080 |a 637.1/.3  |2 2011 
080 |a 616-022.855  |2 2011 
080 |a (036)  |2 2011 
245 0 0 |a Mléko - přítel nebo nepřítel  |b jak postupovat při nesnášenlivosti mléka  |c Pavel Kohout ... [et al.] 
246 3 0 |a Jak postupovat při nesnášenlivosti mléka 
250 |a 1. vyd. 
260 |a Praha  |b Forsapi  |c [2016?] 
300 |a 53 s.  |b tab.  |c 21 cm 
490 1 |a Stručné informace pro pacienty  |v sv. 4 
504 |a Bibliogr. ; register 
650 0 7 |a mlieko  |2 SNKPH  |9 3942 
650 0 7 |a mliečne výrobky  |2 SNKPH  |9 3940 
650 0 7 |a alergia na mlieko  |2 SNKPH  |9 25828 
650 0 7 |a laktózová intolerancia  |2 SNKPH  |9 70881 
650 0 7 |a Milk  |2 SNKPHeng  |9 303344 
650 0 7 |a Dairy products  |2 SNKPHeng  |9 303345 
650 0 7 |a Milk allergy  |2 SNKPHeng  |9 670294 
650 0 7 |a Lactose intolerance  |2 SNKPHeng  |9 487976 
655 7 |a informačné publikácie  |2 SNKPH  |9 70181 
655 7 |a Information publications  |2 SNKPHeng  |9 265188 
700 1 |a Kohout, Pavel,  |d 1962-  |4 aut  |4 edt  |4 aui  |9 488074 
700 1 |a Dostálová, Jana,  |d 1943-  |4 aut  |9 760852 
700 1 |a Szitányi, Peter  |4 aut  |9 760853 
700 1 |a Szitányi, Natália  |4 aut  |9 760854 
700 1 |a Růžičková, Lucie  |4 aut  |9 433128 
830 0 |a Stručné informace pro pacienty  |9 760855 
919 |a 978-80-87250-31-0 
958 |a ZS 
958 |a NB 
999 |c 1202313  |d 1204243 
952 |a SNK  |b SNK  |y NEVYP  |7 1  |p 17A1256688  |o snkSC 173961  |i snk2017/8194  |8 4  |g 4.03  |0 0  |1 0  |4 0  |d 2017-03-16  |f 1  |l 0  |r 2025-09-11 00:00:00  |w 2026-02-24 
952 |a SNK  |b SNK  |y VYP  |7 0  |p 17A1272640  |o snkSC 173961 D1  |i snk2017/22062  |8 3  |g 4.21  |0 0  |1 0  |4 0  |d 2017-10-11  |l 0  |r 2026-02-24 22:46:26  |w 2026-02-24